[Event "AUTO-OPEN-465"]
[Site "http://www.queenalice.com/game.php?id=135862"]
[Date "2006.12.1"]
[Round "1"]
[White "Rock"]
[Black "BlueMeanie"]
[Result "0-1"]
[WhiteElo "1100"]
[BlackElo "1813"]

1. d4 d5 2. Nf3 Nf6 3. Nc3 g6 4. e3 Bg7 5. Bb5+ c6 6. Ba4 O-O 7. O-O Qc7 8. Ne5
b5 9. Bb3 Nbd7 10. f4 a5 11. Rf3 a4 12. Qd3 axb3 13. cxb3 b4 14. Na4 Ne4 15. Qc2
Nxe5 16. fxe5 Bf5 17. Bd2 Rfb8 18. Raf1 Ng3 19. Qc5 Nxf1 20. Kxf1 Rb5 21. Qc1 f6
22. Nc5 fxe5 0-1

[Event "AUTO-OPEN-465"]
[Site "http://www.queenalice.com/game.php?id=135873"]
[Date "2006.12.1"]
[Round "1"]
[White "Dinho"]
[Black "Rock"]
[Result "0-1"]
[WhiteElo "1708"]
[BlackElo "1044"]

1. e4 d5 2. exd5 Qxd5 3. Nc3 Qe5+ 4. Qe2 f6 5. Qxe5 fxe5 6. Nf3 Nc6 7. Bb5 a6 8.
Ba4 Bf5 9. Nxe5 Bxc2 10. Bxc6+ bxc6 11. O-O e6 12. Nxc6 Bd3 13. Re1 Kd7 14. Ne5+
Kc8 15. Nxd3 Nf6 16. Rxe6 Kd7 17. Nc5+ Bxc5 18. Re5 Rhe8 19. Rxc5 Re1# 0-1

[Event "AUTO-OPEN-465"]
[Site "http://www.queenalice.com/game.php?id=135874"]
[Date "2006.12.1"]
[Round "1"]
[White "Rock"]
[Black "Dinho"]
[Result "0-1"]
[WhiteElo "941"]
[BlackElo "1705"]

1. d4 d5 2. Nf3 Nc6 3. Nc3 Nf6 4. Bg5 h6 5. Bf4 e6 6. e3 Bd6 7. g3 e5 8. dxe5
Bf5 9. Bb5 Qe7 10. exf6 Qxf6 11. Qxd5 O-O-O 12. Bxc6 b6 13. O-O-O Rhe8 14. Bxe8
Bxf4 15. Qb5 Bd6 16. Nd5 Qe6 17. Qc6 Rxe8 18. Nh4 Be4 19. Rd4 Bxh1 20. c3 g5 21.
Nf5 Qxf5 22. Qxe8+ Kb7 23. Ne7 Qe6 24. Qc6+ Ka6 25. Nd5 Bc5 0-1

[Event "Challenge"]
[Site "http://www.queenalice.com/game.php?id=137656"]
[Date "2006.12.6"]
[Round "-"]
[White "Rock"]
[Black "debia"]
[Result "1-0"]
[WhiteElo "1044"]
[BlackElo "1252"]

1. d4 e6 2. Nf3 d6 3. Bg5 f6 4. Bh4 g5 5. Bg3 Na6 6. e3 d5 7. Bb5+ c6 8. Ba4
Bb4+ 9. c3 Ba5 10. O-O Nh6 11. Re1 Ng4 12. Na3 f5 13. b4 Nxb4 14. Ne5 Nh6 15.
Rb1 Nxa2 16. Nxc6 bxc6 17. Bxc6+ Kf8 18. Bxa8 Nxc3 19. Qc2 Nxb1 20. Rxb1 Ba6 21.
Bd6+ Qxd6 22. Bb7 Ng4 23. Qc8+ Bd8 24. Bxa6 Qxh2+ 25. Kf1 Qh1+ 26. Ke2 Qxg2 27.
Qxd8+ Kg7 28. Qxg5+ Kf8 29. Rb8+ Kf7 30. Rxh8 Qxf2+ 31. Kd3 Qf1+ 32. Kc3 Qe1+
33. Kb2 Qb4+ 34. Ka2 Qd2+ 35. Kb3 Qxe3+ 36. Qxe3 Nxe3 37. Rxh7+ Kg8 38. Rxa7 f4
39. Re7 f3 40. Rxe6 Ng4 41. Rd6 f2 42. Rxd5 Nf6 43. Rg5+ Kh7 44. Nc2 Ne4 45.
Rh5+ Kg6 46. Rh2 Nd2+ 47. Kc3 Ne4+ 48. Kb2 Kg5 49. Ne3 Kf4 50. Nd1 Kg3 51. Rh8
Nc5 52. Rg8+ Kh3 53. Nxf2+ Kh2 54. Bc8 Na4+ 55. Kb3 Nb6 56. Nd1 Nd5 57. Be6 Nc7
58. Rg6 Nb5 59. d5 Nd4+ 60. Kc4 Nc2 61. d6 Na3+ 62. Kb4 Nc2+ 63. Kc3 Na3 64. d7
Nb5+ 65. Kc4 Nc7 66. d8=Q Na6 67. Qh4# 1-0

[Event "AUTO-BEG-47"]
[Site "http://www.queenalice.com/game.php?id=138038"]
[Date "2006.12.6"]
[Round "1"]
[White "Rock"]
[Black "Gunnm"]
[Result "0-1"]
[WhiteElo "1043"]
[BlackElo "1309"]

1. d4 c5 2. dxc5 Qa5+ 3. Bd2 Qxc5 4. Nc3 d5 5. e4 d4 6. Na4 Qe5 7. Nf3 Qxe4+ 8.
Qe2 Qxc2 9. Qb5+ Bd7 10. Qxb7 Qc6 11. Qb4 e5 12. Nxe5 Qd5 13. Nxd7 Bxb4 14. Bxb4
Qxd7 15. Rc1 Ne7 16. Rc5 Na6 17. Bxa6 Qxa4 18. Bb5+ Qxb5 19. Rxb5 Nc6 20. O-O a6
21. Re1+ Kd8 22. Rd5+ Kc7 23. Bd6+ Kb7 24. b4 Rhd8 25. Re2 Nxb4 26. Rb2 Kc6 27.
Ra5 Kb6 28. Bxb4 Rab8 29. a3 d3 30. f3 Rd4 31. Rh5 h6 32. Bd6+ Kc6 33. Bxb8 d2
34. Rxd2 Rxd2 35. Bf4 Rd3 36. Ra5 Kb6 37. Re5 f6 38. Be3+ Kc6 39. Rc5+ Kb6 40.
Rd5+ Rxe3 41. Rd7 g5 42. Rd6+ Ka5 43. Rxf6 Rxa3 44. Rxh6 Ra1+ 45. Kf2 Rc1 46.
Rh5 Rc5 47. f4 Kb4 48. fxg5 a5 49. Ke3 Kc4 50. Rh4+ Kb5 51. g6 Rg5 52. Rh6 Rxg2
53. h4 a4 54. h5 a3 55. Rh8 a2 56. Ra8 Kc6 57. Kf3 Kb7 58. Ra5 Kb6 59. Ra3 Rh2
60. g7 Rh3+ 61. Kg4 Rxa3 62. g8=Q a1=Q 63. Qg6+ Kc5 64. Qf5+ Kb4 65. h6 Qg1+ 66.
Kh5 Qh2+ 67. Kg6 Ra6+ 68. Qf6 Qc2+ 69. Kf7 Qc4+ 70. Kg6 Qf1 0-1

[Event "AUTO-BEG-47"]
[Site "http://www.queenalice.com/game.php?id=138039"]
[Date "2006.12.6"]
[Round "1"]
[White "Gunnm"]
[Black "Rock"]
[Result "1-0"]
[WhiteElo "1274"]
[BlackElo "1100"]

1. e4 d5 2. Nc3 Nf6 3. exd5 Nxd5 4. Bc4 e6 5. d4 Bb4 6. Bd2 O-O 7. Qh5 g6 8. Qh6
Nc6 9. Nf3 a6 10. Ng5 b5 11. Qxh7# 1-0

[Event "AUTO-BEG-47"]
[Site "http://www.queenalice.com/game.php?id=138040"]
[Date "2006.12.6"]
[Round "1"]
[White "Rock"]
[Black "ricardosf"]
[Result "0-1"]
[WhiteElo "939"]
[BlackElo "1291"]

1. d4 d5 2. Nf3 Nf6 3. Nc3 Ng4 4. Bg5 Nxf2 5. Kxf2 f6 6. Bf4 e5 7. dxe5 fxe5 8.
Bg5 Be7 9. Qxd5 c6 10. Qxe5 Na6 11. Nd4 Kf8 12. Nf5 Bxg5 13. Qxg7+ Ke8 14. Qxh8+
Kd7 15. Rd1+ Ke6 16. Rxd8 Kxf5 17. Rxc8 Rxc8 18. Qxc8+ Kf6 0-1

[Event "AUTO-BEG-47"]
[Site "http://www.queenalice.com/game.php?id=138041"]
[Date "2006.12.6"]
[Round "1"]
[White "ricardosf"]
[Black "Rock"]
[Result "1-0"]
[WhiteElo "1241"]
[BlackElo "960"]

1. c4 d5 2. cxd5 Qxd5 3. d3 Bg4 4. f3 Bh5 5. g4 Bg6 6. e4 Qa5+ 7. Bd2 Qe5 8. f4
Qxb2 9. Nc3 e6 10. Rb1 Qa3 11. Nb5 Qxa2 12. Nxc7+ Kd8 13. Nxa8 1-0

[Event "Let's Play Chess!"]
[Site "http://www.queenalice.com/game.php?id=138225"]
[Date "2006.12.8"]
[Round "-"]
[White "nas"]
[Black "Rock"]
[Result "1-0"]
[WhiteElo "971"]
[BlackElo "1131"]

1. e4 d5 2. exd5 Qxd5 3. Nc3 Qe5+ 4. Be2 Bg4 5. d4 Qe6 6. Be3 Nc6 7. Bxg4 Qf6 8.
Qf3 Nxd4 9. Qxf6 Nxf6 10. Bd7+ Kxd7 11. Bxd4 Ke8 12. Nf3 e6 13. Nb5 Bb4+ 14. Bc3
Bc5 15. Nxc7+ Kd8 16. Nxa8 Kd7 17. Ne5+ Kd6 18. Nxf7+ 1-0

[Event "Let's Play Chess!"]
[Site "http://www.queenalice.com/game.php?id=138326"]
[Date "2006.12.8"]
[Round "-"]
[White "Rock"]
[Black "colognestar"]
[Result "0-1"]
[WhiteElo "1043"]
[BlackElo "2000"]

1. d4 f5 2. Nf3 Nf6 3. Nc3 g6 4. e3 Bg7 5. Bb5 c6 6. Bc4 d5 7. Bb3 O-O 8. O-O
Qe8 9. Re1 Nbd7 10. Qe2 e5 11. Qd3 e4 12. Qe2 exf3 13. gxf3 b5 14. Bd2 a5 15. e4
a4 16. Bxd5+ cxd5 0-1

[Event "Challenge"]
[Site "http://www.queenalice.com/game.php?id=138955"]
[Date "2006.12.9"]
[Round "-"]
[White "Rock"]
[Black "Frost"]
[Result "0-1"]
[WhiteElo "976"]
[BlackElo "1008"]

1. d4 Nf6 2. Nf3 h6 3. e4 Nxe4 4. Nc3 Nd6 5. Bb5 a6 6. Bc4 Nxc4 7. O-O e6 8. d5
d6 9. b3 Na5 10. Re1 Rg8 11. h3 e5 12. Bf4 g5 13. Bg3 Bg7 14. h4 g4 15. Nh2 f5
16. f3 e4 17. Qd2 Qe7 0-1

[Event "Challenge"]
[Site "http://www.queenalice.com/game.php?id=141703"]
[Date "2006.12.14"]
[Round "-"]
[White "Rock"]
[Black "debia"]
[Result "0-1"]
[WhiteElo "1058"]
[BlackElo "1285"]

1. d4 d5 2. Nf3 Nc6 3. Nc3 Nf6 4. Bg5 Ne4 5. e3 Bg4 6. Bb5 a6 7. Bxc6+ bxc6 8.
O-O Nxg5 9. h3 Bxf3 10. gxf3 Nxh3+ 11. Kg2 Qd7 12. Rh1 Ng5 13. f4 Ne6 14. Qd3 g6
15. f5 Ng5 16. f4 Qxf5 17. Rad1 Qg4+ 0-1